000 02153nam a2200361 i 4500
001 768714001
003 CO-MdFUSB
005 20231129124104.0
007 ta
008 230922t19891992flu ||ag |||| 00| 0 spa d
020 _a0829703241
040 _aCO-MdFUSB
_bspa
_cCO-MdFUSB
_dCO-MdFUSBC
_erda
041 _aspa
_heng
082 _223
_a232.96
_bL931
100 _aLucado, Max
_eautor
240 _aSix Hours One Friday
245 1 _aSeis horas de un viernes
_b : anclándonos a la cruz
_c/ Max Lucado ; traducido por Carlos Alonso Vargas
264 1 _aFlorida :
_bVida,
_c[1989]
264 4 _c©1992
300 _a200 páginas
_c; 22 cm.
336 _2rdacontent
_atexto
_btxt
337 _2rdamedia
_asin mediación
_bn
338 _2rdacarrier
_avolumen
_bnc
504 _aIncluye índice
505 _aParte I. Mi vida no es fácil -- Parte II. Mis fracasos no son fatales -- Parte III. Mi muerte no es el fin -- Guía de estudio: anclas bien afianzadas.
520 _aMuchos observadores no vieron nada extraordinario durante esas seis horas. Para ellos fueron seis horas regulares de un viernes común y corriente. Pero para un puñado de testigos estaba ocurriendo el más espectacular de los milagros. Tres cuerpos colgaban de tres cruces, y uno de ellos era el del Hijo de Dios. ¿Qué hace usted con ese día de la historia? ¿Qué hace con las afirmaciones del Cristo Crucificado? Si de veras Dios ordeno su propia crucifixión entonces esas seis horas están cargadas te triunfo, porque fue en esas horas que Dios nos dio tres puntos de anclaje lo bastante fuerte como para resistir cualquier tormenta que nos envié la vida. A CAUSA DE LA CRUZ USTED Y YO SABEMOS QUE: Nuestra vida no es fútil… nuestros fracasos no son fatales… nuestra muerte no es el fin…Lucado nos lleva al pie de la cruz donde hallamos esperanza para enfrentarnos a las dificultades de la vida. En la cruz encontramos propósito, perdón y descanso.
563 _aRústico
600 0 7 _aJesucristo
_xCrucifixión
650 7 _9239
_aCristología
700 _98267
_a Alonso Vargas, Carlos
_etraductor
942 _cBK
945 _asor1564
999 _c69030
_d69030